000 02363cam a22005894a 4500
001 muse78188
003 MdBmJHUP
005 20210127151418.0
006 m o d
007 cr||||||||nn|n
008 200415s2019 mdu o 00 0 eng d
020 _a9781421434056
020 _z9781421434049
035 _a(OCoLC)1122726233
040 _aMdBmJHUP
_cMdBmJHUP
043 _ae-fr---
050 0 4 _aH31
_b.J6 ser. 81, no. 2
050 1 4 _aDC801.E5
_bK36
082 0 _a309.1442504
100 1 _aKaplow, Jeffry,
_eauthor
245 1 0 _aElbeuf during the Revolutionary Period
_bHistory and Social Structure /
_cJeffry Kaplow.
300 _a1 online resource (1 online resource 1 online resource 278 pages :) :
_btables)
490 0 _aJohns Hopkins University studies in historical and political science ;
_vSeries 81, no. 2
500 _aOriginally published in 1964
504 _aIncludes bibliographical references (pages 265-275).
506 0 _aOpen Access
_fUnrestricted online access
_2star
588 _aDescription based on print version record.
651 0 _aElbeuf (France)
_xHistory.
651 0 _aElbeuf (France)
_xSocial conditions.
651 0 _aElbeuf (France)
_xConditions sociales.
651 0 _aElbeuf (France)
_xHistoire.
651 0 _aElbeuf (France)
_xHistoire.
651 0 _aElbeuf (France)
_xConditions sociales.
650 0 _aSocial conditions
_2fast
_0(OCoLC)fst01919811
648 7 _aSozialgeschichte 1770-1789.
_2swd
648 4 _aSozialgeschichte 1770-1789.
655 0 _aElectronic books.
_2local
655 0 _aHistory.
_2fast
_0(OCoLC)fst01411628
655 0 _aElectronic books.
_2lcgft
655 7 _aElectronic books.
_2local
710 2 _aProject Muse.
_edistributor
710 2 _aProject Muse.
_e distributor
776 1 8 _iOnline version:
_tElbeuf during the revolutionary period.
_dBaltimore, Johns Hopkins Press, 1964
_w(OCoLC)647298978
710 2 _aProject Muse.
_edistributor
830 0 _aBook collections on Project MUSE.
830 0 _aJohns Hopkins University studies in historical and political science ;
_vser. 81, no. 2.
830 0 _aBook collections on Project MUSE.
856 4 0 _zFull text available:
_uhttps://muse.jhu.edu/book/68475/
999 _c25685
_d25685